[Event "Elitserien Allsvenskan 2017-18"]
[Site "Lund"]
[Date "2017.10.22"]
[Round "3"]
[White "Bejtovic, Jasmin"]
[Black "Namini, Armin"]
[Result "1/2-1/2"]
[WhiteElo "2358"]
[BlackElo "2180"]
[Annotator "NA"]
[PlyCount "99"]
[EventDate "2017.??.??"]
[EventCountry "SWE"]
[SourceTitle "playchess.com"]
[Source "ChessBase"]
[SourceQuality "1"]
[TimeControl "40/5400+30:1800+30"]

1. c4 {[%emt 0:00:30]} g6 {[%emt 0:00:43]} 2. g3 {[%emt 0:00:17]} Bg7 {[%emt 0:00:05]} 3. Bg2 {[%emt 0:00:07]} Nf6 {[%emt 0:00:05]} 4. Nc3 {[%emt 0:00:06]} O-O {[%emt 0:00:07]} 5. e4 {[%emt 0:00:04]} d6 {[%emt 0:00:20]} 6. Nge2 {[%emt 0:00:24]} c5 {[%emt 0:00:07]} 7. O-O {[%emt 0:00:07]} Nc6 {[%emt 0:00:06]} 8. d3 {[%emt 0:00:23]} a6 {[%emt 0:01:17]} 9. h3 {[%emt 0:00:36]} Rb8 {[%emt 0:01:07]} 10. a4 {[%emt 0:00:22]} Ne8 {[%emt 0:01:23]} 11. Be3 {[%emt 0:00:10]} Nc7 {[%emt 0:02:52]} 12. d4 $15 {[%emt 0:00:12]} (12. b3 {[%emt 0:00:12]}) 12... cxd4 {[%emt 0:00:30]} 13. Nxd4 {[%emt 0:00:30]} Ne6 {[%emt 0:00:30]} 14. Nde2 {[%emt 0:00:30]} Nc5 15. b3 {[%emt 0:06:36]} Qa5 {[%emt 0:06:53]} 16. Bd2 {[%emt 0:19:43]} Qd8 {[%emt 0:09:44]} 17. Kh2 {[%emt 0:08:45]} Bd7 {[%emt 0:03:27]} 18. Rb1 {[%emt 0:19:23]} Nb4 {[%emt 0:00:30]} 19. a5 {[%emt 0:00:30]} b6 {[%emt 0:06:03]} 20. axb6 {[%emt 0:02:22]} Qxb6 {[%emt 0:00:54]} 21. Be3 {[%emt 0:00:55]} Rfc8 {[%emt 0:13:36]} 22. f4 {[%emt 0:05:05]} Qd8 {[%emt 0:06:44]} 23. f5 {[%emt 0:02:10]} a5 {[%emt 0:05:18]} 24. Bd4 {[%emt 0:03:10]} Ncd3 {[%emt 0:02:30]} 25. Bxg7 {[%emt 0:06:52]} Kxg7 {[%emt 0:00:06]} 26. Nf4 {[%emt 0:06:32]} Nxf4 27. Rxf4 {[%emt 0:00:58]} f6 {[%emt 0:09:53]} 28. h4 {[%emt 0:03:15]} a4 {[%emt 0:00:30]} 29. Nxa4 {[%emt 0:00:30]} Bxa4 {[%emt 0:00:30]} 30. bxa4 {[%emt 0:00:30]} Nc6 {[%emt 0:00:30]} 31. Rxb8 {[%emt 0:00:30]} Rxb8 {[%emt 0:11:13]} 32. fxg6 {[%emt 0:09:25]} hxg6 {[%emt 0:00:16]} 33. e5 {[%emt 0:00:47]} Nxe5 {[%emt 0:01:53]} 34. c5 {[%emt 0:00:57]} Rb2 {[%emt 0:01:09]} 35. cxd6 {[%emt 0:00:36]} Qa8 {[%emt 0:04:15]} 36. Qf1 {[%emt 0:00:26]} Nd3 {[%emt 0:07:24]} 37. Rf3 {[%emt 0:01:37]} Ne1 {[%emt 0:00:02]} 38. Rf2 {[%emt 0:00:30]} Rxf2 {[%emt 0:02:37]} 39. Qxf2 {[%emt 0:00:16]} Nxg2 {[%emt 0:00:06]} 40. d7 {[%emt 0:02:35]} Nxh4 41. gxh4 {[%emt 0:02:02]} Qd5 {[%emt 0:04:14]} 42. Qa7 {[%emt 0:02:22]} Qd2+ {[%emt 0:01:30]} 43. Kh3 {[%emt 0:03:33]} Qd3+ {[%emt 0:00:15]} 44. Kg2 {[%emt 0:00:48]} Qd2+ {[%emt 0:00:06]} 45. Kg1 {[%emt 0:01:14]} Qd1+ {[%emt 0:00:07]} 46. Kf2 {[%emt 0:02:13]} Qd2+ {[%emt 0:00:04]} 47. Kf1 {[%emt 0:01:16]} Qd1+ {[%emt 0:00:07]} 48. Kg2 {[%emt 0:00:29]} Qd2+ {[%emt 0:00:04]} 49. Kf1 {[%emt 0:00:46]} Qd1+ {[%emt 0:00:07]} 50. Kg2 {[%emt 0:00:16]} 1/2-1/2

[Event "Elitserien Allsvenskan 2017-18"]
[Site "Lund"]
[Date "2017.10.22"]
[Round "3"]
[White "Hjelm, Niclas"]
[Black "Semcesen, Daniel"]
[Result "0-1"]
[WhiteElo "2358"]
[BlackElo "2482"]
[Annotator "TA"]
[PlyCount "84"]
[EventDate "2017.??.??"]
[EventCountry "SWE"]
[SourceTitle "playchess.com"]
[Source "ChessBase"]
[SourceQuality "1"]

{[%evp 14,84,0,11,51,43,34,50,67,64,61,53,61,78,47,0,0,0,0,0,0,0,0,0,0,0,0,-4,-1,0,7,-43,-26,-54,-31,-76,-73,-75,-75,-94,-84,-104,-66,-66,-66,-104,-97,-104,-97,-94,-47,-76,-85,-85,-83,-89,-70,-332,-302,-317,-314,-491,-409,-511,-417,-407,-389,-540,-531,-408,-381,-622,-205]} 1. d4 f5 2. Nf3 Nf6 3. Bg5 e6 4. e3 Be7 5. Bd3 O-O 6. O-O b6 7. c4 Bb7 8. Nc3 {LiveBook: 4 Games} h6 {A85: Dutch Defence: 2 c4 Nf6 3 Nc3} (8... Nc6 9. Rc1 h6 10. Bh4 Ne4 11. Bxe7 Nxe7 12. Bxe4 fxe4 13. Nd2 d5 14. Qg4 Rf6 15. Ne2 Qd6 16. Qg3 Qxg3 17. hxg3 {½-½ (69) Nogueiras Santiago,J (2575)-Jussupow,A (2610) Rotterdam 1989}) 9. Bxf6 Bxf6 10. e4 {[%cal Be3e4,Be4f5][%mdl 32]} g6 $146 {White is slightly better.} ({Predecessor:} 10... Nc6 11. e5 Be7 12. a3 a5 13. Qe2 Qe8 14. Bc2 Qg6 15. Rad1 Nd8 16. d5 {1-0 (30) Grott,P-Rennert,R DESC email 2011}) 11. Rc1 Bg7 12. Re1 Nc6 13. Bb1 Qf6 14. exf5 {[#] Threatens to win with d5.} (14. e5 {seems wilder.} Qe7 15. d5 Nd8 16. Nb5 Nf7 17. Nxc7 Rac8 18. c5) 14... Nxd4 15. Nxd4 Qxd4 16. Qxd4 Bxd4 17. Rcd1 Bxc3 18. bxc3 gxf5 19. Rxd7 Rf7 20. Rd2 Re8 21. f4 Kf8 22. Red1 Bc6 23. Bc2 Rg7 24. g3 h5 {[%cal Bh6h5,Bh5h4][%mdl 32]} 25. Kf2 {[#]} h4 $1 {[%mdl 512]} 26. Bb3 (26. gxh4 Rg4) 26... Kf7 27. Rd8 Ke7 28. Rxe8+ Bxe8 $15 {[%mdl 4096] Endgame KRB-KRB} 29. Rd2 hxg3+ 30. hxg3 Rh7 31. Re2 Bc6 32. c5 Be4 33. cxb6 axb6 34. Rd2 Rh1 35. Ke3 $2 {[%mdl 8192]} (35. Bd1 $15) 35... Rg1 $19 36. Kf2 Rg2+ 37. Ke3 (37. Ke1 $142 Rxg3 38. c4) 37... Rxg3+ 38. Kd4 c5+ 39. Kc4 Bc6 40. Rf2 Kd6 {[%csl Gc6][%cal Rb6b5]} 41. Rd2+ Kc7 42. Rf2 $2 (42. Rh2) 42... Bd5+ $2 {Precision: White = 52%, Black = 64%.} (42... Be4 {[%csl Gg3][%cal Re4d3]} 43. Kb5 Rxc3) 0-1

[Event "Elitserien Allsvenskan 2017-18"]
[Site "Lund"]
[Date "2017.10.22"]
[Round "3"]
[White "Engqvist, Thomas"]
[Black "Kassani, Sam"]
[Result "1-0"]
[WhiteElo "2352"]
[BlackElo "2203"]
[Annotator "NA"]
[PlyCount "107"]
[EventDate "2017.??.??"]
[EventCountry "SWE"]
[SourceTitle "playchess.com"]
[Source "ChessBase"]
[SourceQuality "1"]
[TimeControl "40/5400+30:1800+30"]

1. e4 {[%emt 0:00:00]} c6 {[%emt 0:01:10]} 2. d4 {[%emt 0:01:26]} d5 {[%emt 0:00:20]} 3. f3 {[%emt 0:00:36]} dxe4 {[%emt 0:03:24]} 4. fxe4 {[%emt 0:00:06]} e5 {[%emt 0:00:02]} 5. Nf3 {[%emt 0:00:08]} Bg4 {[%emt 0:00:05]} 6. Bc4 {[%emt 0:01:26]} Nd7 {[%emt 0:00:39]} 7. O-O {[%emt 0:01:39] B12: Caro-Kann: Advance Variation} Ngf6 {[%emt 0:03:02]} 8. c3 {[%emt 0:11:30] LiveBook: 43 Games} Qb6 {[%emt 0:22:24]} (8... Qc7 9. Qb3 O-O-O 10. Nbd2 Bd6 11. h3 Bh5 12. Ng5 Rhf8 13. Nxf7 Bxf7 14. Bxf7 exd4 15. cxd4 {½-½ (38) Gagunashvili,M (2588)-Paichadze,L (2554) Tbilisi 2017}) 9. Nbd2 {[%emt 0:05:18]} Bd6 $146 {[%emt 0:02:04]} ({Predecessor:} 9... exd4 10. cxd4 Ne5 11. Qb3 Nxc4 12. Nxc4 Qxb3 13. axb3 a6 14. e5 Nd5 15. Ng5 Be6 16. Ne4 {½-½ (16) Cardona Costa,J (2072)-Moraes,F (2198) ICCF email 2012}) 10. Bxf7+ {[%emt 0:14:51]} Kxf7 {[%emt 0:01:33]} 11. Nc4 {[%emt 0:00:11]} Qc7 {[%emt 0:00:54]} 12. dxe5 {[%emt 0:00:12]} Bxe5 {[%emt 0:14:12]} ({Nicht} 12... Bc5+ $2 13. Kh1 $18) 13. Nfxe5+ {[%emt 0:01:18]} Nxe5 {[%emt 0:00:20]} 14. Nxe5+ {[%emt 0:00:26]} Qxe5 {[%emt 0:00:05]} 15. Qxg4 {[%emt 0:00:28]} Rhe8 {[%emt 0:00:30]} 16. Bg5 {[%emt 0:02:07]} Qxe4 {[%emt 0:01:07]} 17. Qg3 $14 {[%emt 0:00:37]} Qg6 {[%emt 0:08:58]} 18. Bxf6 {[%emt 0:04:37]} gxf6 {[%emt 0:00:56]} 19. Qh4 {[%emt 0:00:09]} Kg7 {[%emt 0:15:07]} 20. Rf4 {[%emt 0:01:34]} Re5 {[%emt 0:01:21]} 21. Raf1 {[%emt 0:00:21]} Rf8 {[%emt 0:01:23]} 22. h3 {[%emt 0:10:03]} a6 {[%emt 0:01:57]} 23. Kh2 {[%emt 0:11:37]} Rg5 {[%emt 0:01:54]} 24. Qf2 {[%emt 0:00:51]} Rf7 {[%emt 0:00:23]} 25. h4 {[%emt 0:03:48]} Rg4 {[%emt 0:01:49]} 26. Rf5 {[%emt 0:00:22]} h5 {[%emt 0:00:21]} 27. g3 {[%emt 0:02:10]} Re4 {[%emt 0:06:05]} 28. Qf3 {[%emt 0:05:23]} Rg4 {[%emt 0:01:53]} 29. Kh3 {[%emt 0:00:26]} Kh6 {[%emt 0:01:05]} 30. Qe3+ {[%emt 0:13:32]} Kh7 {[%emt 0:00:43]} 31. Kh2 {[%emt 0:01:17]} Rg7 {[%emt 0:01:37]} 32. Rxf6 {[%emt 0:02:31]} Rxg3 {[%emt 0:01:08]} 33. Rxg6 {[%emt 0:00:53]} Rxe3 {[%emt 0:00:05]} 34. Rxg7+ {[%emt 0:00:26]} Kxg7 {[%emt 0:00:06]} 35. Rf2 {[%emt 0:00:28]} Re4 {[%emt 0:05:08]} 36. Kg3 {[%emt 0:00:50]} Rg4+ {[%emt 0:01:18]} 37. Kh3 {[%emt 0:00:05]} Kg6 {[%emt 0:02:02]} 38. Rd2 {[%emt 0:00:19]} Rf4 {[%emt 0:00:12]} 39. Rd7 {[%emt 0:00:45]} Rf7 {[%emt 0:00:04]} 40. Rxf7 {[%emt 0:00:36]} Kxf7 {[%emt 0:30:04]} 41. Kg3 {[%emt 0:30:05]} Ke6 {[%emt 0:00:00]} 42. Kf4 {[%emt 0:00:00]} Kf6 {[%emt 0:00:00]} 43. b4 {[%emt 0:00:00]} b5 {[%emt 0:00:00]} 44. a3 {[%emt 0:00:00]} Kf7 {[%emt 0:00:00]} 45. Kg5 {[%emt 0:00:00]} Ke6 {[%emt 0:00:00]} 46. Kxh5 {[%emt 0:00:00]} Kf5 {[%emt 0:00:00]} 47. Kh6 {[%emt 0:00:00]} Ke4 {[%emt 0:00:00]} 48. h5 {[%emt 0:00:00]} Kd3 {[%emt 0:00:00]} 49. Kg5 {[%emt 0:00:00]} Kxc3 {[%emt 0:00:00]} 50. h6 {[%emt 0:00:00]} Kb3 {[%emt 0:00:00]} 51. h7 {[%emt 0:00:00]} Kxa3 {[%emt 0:00:00]} 52. h8=Q {[%emt 0:00:00]} Kxb4 {[%emt 0:00:00]} 53. Qd4+ {[%emt 0:00:00]} Ka3 {[%emt 0:00:00]} 54. Qb6 {[%emt 0:00:00]} 1-0

[Event "Elitserien Allsvenskan 2017-18"]
[Site "Lund"]
[Date "2017.10.22"]
[Round "3"]
[White "Dragicevic, Drazen"]
[Black "Larsson, Anders"]
[Result "0-1"]
[WhiteElo "2349"]
[BlackElo "2258"]
[Annotator "NA"]
[PlyCount "68"]
[EventDate "2017.??.??"]
[EventCountry "SWE"]
[SourceTitle "playchess.com"]
[Source "ChessBase"]
[SourceQuality "1"]
[TimeControl "40/5400+30:1800+30"]

1. Nf3 {[%emt 0:04:19]} d5 {[%emt 0:00:33]} 2. g3 {[%emt 0:00:47]} Nf6 {[%emt 0:00:48]} 3. Bg2 {[%emt 0:00:40]} c6 {[%emt 0:00:52]} 4. O-O {[%emt 0:05:05]} Bf5 {[%emt 0:00:47]} 5. d4 {[%emt 0:03:18]} e6 {[%emt 0:05:14]} 6. c4 {[%emt 0:09:34]} Be7 {[%emt 0:01:47]} 7. Nc3 {[%emt 0:00:10]} h6 {[%emt 0:01:19]} 8. Ne5 {[%emt 0:05:19]} Nbd7 {[%emt 0:03:54]} 9. Qb3 {[%emt 0:01:17]} Qb6 {[%emt 0:05:09]} 10. Nxd7 {[%emt 0:03:58]} Nxd7 {[%emt 0:00:30]} 11. e4 {[%emt 0:01:09]} dxe4 {[%emt 0:03:35]} 12. Nxe4 {[%emt 0:00:09]} O-O {[%emt 0:03:42]} 13. Be3 {[%emt 0:04:30]} Bxe4 {[%emt 0:18:52]} 14. Bxe4 {[%emt 0:03:39]} Qxb3 $11 {[%emt 0:00:06]} 15. axb3 {[%emt 0:00:10]} Nf6 {[%emt 0:00:12]} 16. Bf3 {[%emt 0:00:53]} Rfd8 {[%emt 0:04:19]} 17. Rfd1 {[%emt 0:13:01]} a6 {[%emt 0:01:54]} 18. Kf1 {[%emt 0:17:22]} Rd7 {[%emt 0:04:09]} 19. Ke2 {[%emt 0:15:52]} Rad8 {[%emt 0:01:03]} 20. Kd3 {[%emt 0:01:05]} Ne8 {[%emt 0:10:22]} 21. Kc3 {[%emt 0:01:12]} Bf6 {[%emt 0:01:12]} 22. b4 {[%emt 0:00:41]} Nd6 {[%emt 0:03:18]} 23. Rd2 {[%emt 0:04:10]} Nf5 {[%emt 0:10:26]} 24. Rad1 {[%emt 0:00:05]} a5 {[%emt 0:03:41]} 25. c5 {[%emt 0:02:30]} e5 {[%emt 0:02:43]} 26. dxe5 {[%emt 0:00:55]} Bxe5+ {[%emt 0:00:19]} 27. Kb3 {[%emt 0:00:39]} Rxd2 {[%emt 0:00:29]} 28. Rxd2 {[%emt 0:00:47]} Rxd2 {[%emt 0:00:08]} 29. Bxd2 {[%emt 0:00:36]} Nd4+ {[%emt 0:00:07]} 30. Kc4 {[%emt 0:00:32]} Nxf3 {[%emt 0:00:06]} 31. Bc1 {[%emt 0:00:28]} axb4 {[%emt 0:00:29]} 32. h4 {[%emt 0:00:28]} f5 {[%emt 0:01:58]} 33. Kxb4 {[%emt 0:00:12]} Kf7 {[%emt 0:00:35]} 34. Ka5 {[%emt 0:00:22]} Bc7+ {[%emt 0:00:10]} 0-1

[Event "Elitserien Allsvenskan 2017-18"]
[Site "Lund"]
[Date "2017.10.22"]
[Round "3"]
[White "Lissang, Christopher"]
[Black "Hedman, Erik"]
[Result "1/2-1/2"]
[WhiteElo "2344"]
[BlackElo "2366"]
[Annotator "NA"]
[PlyCount "36"]
[EventDate "2017.??.??"]
[EventCountry "SWE"]
[SourceTitle "playchess.com"]
[Source "ChessBase"]
[SourceQuality "1"]
[TimeControl "40/5400+30:1800+30"]

1. c4 {[%emt 0:04:59]} c5 {[%emt 0:00:21]} 2. Nf3 {[%emt 0:00:26]} Nc6 {[%emt 0:01:53]} 3. e3 {[%emt 0:03:27]} Nf6 {[%emt 0:00:35]} 4. Nc3 {[%emt 0:02:00]} g6 {[%emt 0:00:31]} 5. d4 {[%emt 0:01:15]} cxd4 {[%emt 0:00:02]} 6. exd4 {[%emt 0:00:30]} d5 {[%emt 0:00:03]} 7. cxd5 {[%emt 0:05:57]} Nxd5 {[%emt 0:00:04]} 8. Qb3 {[%emt 0:02:08] LiveBook: 527 Games} e6 {[%emt 0:00:04]} 9. Bc4 {[%emt 0:02:56] A35: Symmetrical English: 2 Nc3 Nc6 3 Nf3} (9. Bb5 Bg7 10. O-O O-O 11. Bxc6 bxc6 12. Na4 Qd6 13. Re1 Rb8 14. Qd1 c5 15. Nxc5 Bb7 16. Bg5 Ba8 17. Qd2 Rb5 {0-1 (59) Caruana,F (2807)-Le,Q (2739) Saint Louis 2017}) 9... Na5 {[%emt 0:08:17]} 10. Bb5+ {[%emt 0:00:41]} Bd7 {[%emt 0:00:07]} 11. Qa4 {[%emt 0:00:26]} a6 {[%emt 0:00:27]} 12. Bxd7+ {[%emt 0:03:58]} Qxd7 {[%emt 0:00:56]} 13. Qxd7+ {[%emt 0:04:50]} Kxd7 {[%emt 0:00:11]} 14. Ne5+ {[%emt 0:02:47]} Ke8 {[%emt 0:06:19]} 15. Nxd5 {[%emt 0:02:44]} exd5 {[%emt 0:00:11] [#]} 16. b3 $146 {[%emt 0:19:08]} ({Predecessor:} 16. Bd2 Nc4 17. Nxc4 dxc4 {½-½ (43) Belous,V (2584)-Bocharov,D (2560) Vladivostok 2014}) 16... f6 {[%emt 0:05:01]} 17. Nd3 {[%emt 0:00:36]} Nc6 {[%emt 0:00:45]} 18. Be3 $15 {[%emt 0:00:52]} Nb4 {[%emt 0:27:02]} 1/2-1/2

[Event "Elitserien Allsvenskan 2017-18"]
[Site "Lund"]
[Date "2017.10.22"]
[Round "3"]
[White "Backlund, Anders"]
[Black "Ahlander, Bjorn"]
[Result "0-1"]
[WhiteElo "2321"]
[BlackElo "2432"]
[Annotator "TA"]
[PlyCount "98"]
[EventDate "2017.??.??"]
[EventCountry "SWE"]
[SourceTitle "playchess.com"]
[Source "ChessBase"]
[SourceQuality "1"]

{[%evp 22,97,-11,-18,-13,-17,23,17,37,20,39,0,0,0,0,0,0,-6,0,-62,-68,-79,-77,-76,-73,-85,-80,-88,-66,-96,-63,-91,0,-113,-100,-77,-76,-139,-112,-128,-128,-162,-159,-202,-193,-168,-161,-167,-8,-8,0,-170,-166,-168,-135,-122,-107,-175,-170,-441,-450,-358,-379,-377,-257,-479,-473,-532,-565,-572,-568,-530,-545,-29977,-29979,-29991,-29992,-29999]} 1. e4 c5 2. Nf3 d6 3. d4 cxd4 4. Nxd4 Nf6 5. Nc3 a6 6. h3 e5 7. Nde2 h5 {B90: Sicilian Najdorf: Unusual White 6th moves, 6 Be3 Ng4 and 6 Be3 e5} 8. g3 b5 {[%cal Bb7b5,Bb5b4][%mdl 32]} (8... Nbd7 9. Bg2 b5 10. Nd5 Nxd5 11. Qxd5 Qc7 12. Be3 Bb7 13. Qd2 Rc8 14. Nc3 Nb6 15. Bxb6 Qxb6 {½-½ (33) Nakamura,H (2792)-Vachier Lagrave,M (2791) Saint Louis 2017}) 9. Bg2 Bb7 10. O-O Nbd7 11. a4 b4 12. Nd5 {LiveBook: 3 Games} Nxd5 13. exd5 Be7 14. a5 $146 ({Predecessor:} 14. Bd2 a5 15. c3 bxc3 16. Nxc3 h4 17. g4 Ba6 {0-1 (32) Van der Weide,K (2451)-Kleijn,C (2418) Netherlands 2012}) 14... Rc8 15. Qd2 Nf6 16. Qxb4 Bxd5 17. Bxd5 Nxd5 18. Qb7 Nc7 19. Be3 Rb8 $36 {[%mdl 2048] Black has good play.} 20. Qc6+ (20. Qe4 $11) 20... Qd7 $15 21. Qxd7+ Kxd7 22. b3 Nd5 23. Bd2 Rhc8 24. Ra2 f5 25. Rd1 Ke6 26. Re1 Kd7 (26... h4 {seems wilder.} 27. gxh4 g6 28. Rb2 Kf7 29. Rd1 Bxh4 30. c4 Nf6) 27. Rd1 $1 Nb4 28. Bxb4 Rxb4 29. Rd3 ({Better is} 29. h4) 29... Bf6 30. Kf1 Rc5 31. Rc3 Rd5 32. Rc4 Rxc4 33. bxc4 $19 {[%mdl 4096] Endgame KRB-KRN} Rd1+ 34. Kg2 Rd2 $2 {[#]} (34... e4 $19 35. c3 g5) 35. Kf1 $1 $11 {[%cal Rf1e1]} Rd1+ $2 (35... Bg5 $11) 36. Kg2 $19 e4 37. c3 g5 {[%cal Bg7g5,Bg5f4][%mdl 32]} 38. Rb2 Be5 {aiming for ...f4.} 39. Rb7+ (39. f4 $17 exf3+ 40. Kxf3) 39... Ke6 40. Rb6 $2 (40. Nd4+ Bxd4 41. cxd4) 40... f4 41. gxf4 gxf4 {[%csl Ge4][%cal Rf4f3] [#]} 42. f3 Rd2 43. Kf2 $2 (43. Kf1 Rd1+ 44. Kg2) 43... Bxc3 44. Ke1 Bxa5 45. Rxa6 Ra2+ 46. Kf1 Ke5 47. Ng1 Kd4 {Black mates.} 48. Rxd6+ Ke3 {[%csl Ge3][%cal Ra2f2]} 49. Re6 Rf2# {Precision: White = 38%, Black = 58%.} 0-1

[Event "Elitserien Allsvenskan 2017-18"]
[Site "Lund"]
[Date "2017.10.22"]
[Round "3"]
[White "Cederstam Barsk, Carl"]
[Black "Tuomainen, Felix"]
[Result "1-0"]
[WhiteElo "2319"]
[BlackElo "2195"]
[Annotator "NA"]
[PlyCount "117"]
[EventDate "2017.??.??"]
[EventCountry "SWE"]
[SourceTitle "playchess.com"]
[Source "ChessBase"]
[SourceQuality "1"]
[TimeControl "40/5400+30:1800+30"]

1. d4 {[%emt 0:02:21]} Nf6 {[%emt 0:00:13]} 2. c4 {[%emt 0:00:36]} e6 {[%emt 0:00:16]} 3. Nf3 {[%emt 0:00:22]} d5 {[%emt 0:00:53]} 4. g3 {[%emt 0:02:53]} Be7 {[%emt 0:01:48]} 5. Bg2 {[%emt 0:00:08]} O-O {[%emt 0:01:57]} 6. O-O {[%emt 0:00:09]} c6 {[%emt 0:01:43]} 7. Qc2 {[%emt 0:02:24]} Nbd7 {[%emt 0:00:26]} 8. Rd1 {[%emt 0:04:30]} a5 {[%emt 0:01:49]} 9. Be3 {[%emt 0:04:31]} b5 {[%emt 0:09:07]} 10. cxb5 {[%emt 0:05:38]} cxb5 {[%emt 0:00:07]} 11. Ne5 {[%emt 0:00:13]} Bb7 {[%emt 0:07:03]} 12. Nc6 {[%emt 0:09:20]} Bxc6 {[%emt 0:01:33]} 13. Qxc6 {[%emt 0:00:02]} Qb6 {[%emt 0:00:33]} 14. Qc2 {[%emt 0:02:08]} Rfc8 {[%emt 0:06:26]} 15. Qd3 {[%emt 0:00:23]} b4 {[%emt 0:03:11]} 16. Nd2 {[%emt 0:06:30]} Qa6 {[%emt 0:05:53]} 17. Qxa6 {[%emt 0:06:01]} Rxa6 {[%emt 0:00:10]} 18. Rac1 {[%emt 0:00:25]} Rac6 $11 {[%emt 0:00:53]} 19. Nb3 {[%emt 0:01:32]} Bd8 {[%emt 0:05:00]} 20. Bd2 {[%emt 0:15:46]} Kf8 {[%emt 0:14:47]} 21. e3 {[%emt 0:02:08]} Ke8 {[%emt 0:06:14]} 22. f3 {[%emt 0:04:04]} Rc2 {[%emt 0:01:56]} 23. Bf1 {[%emt 0:03:15]} Bb6 {[%emt 0:03:04]} 24. a3 {[%emt 0:10:44]} bxa3 {[%emt 0:03:05]} 25. bxa3 {[%emt 0:00:19]} Rxc1 {[%emt 0:01:29]} 26. Rxc1 {[%emt 0:00:42]} Rxc1 {[%emt 0:00:06]} 27. Bxc1 {[%emt 0:00:47]} a4 {[%emt 0:01:48]} 28. Na1 {[%emt 0:00:14]} e5 {[%emt 0:00:40]} 29. Nc2 {[%emt 0:02:05]} exd4 {[%emt 0:00:30]} 30. exd4 {[%emt 0:00:07]} Ne5 {[%emt 0:01:39]} 31. Bb5+ {[%emt 0:01:16]} Ke7 {[%emt 0:01:26]} 32. Kf2 {[%emt 0:00:22]} Ne8 {[%emt 0:01:16]} 33. Ke2 {[%emt 0:00:47]} Nd6 {[%emt 0:00:50]} 34. Bxa4 {[%emt 0:00:34]} Nec4 {[%emt 0:00:22]} 35. Kd3 {[%emt 0:05:49]} Na5 {[%emt 0:05:14]} 36. Kc3 {[%emt 0:04:27]} h6 37. g4 {[%emt 0:01:51]} Ke6 {[%emt 0:03:50]} 38. Nb4 {[%emt 0:00:25]} f5 {[%emt 0:01:26]} 39. h3 {[%emt 0:00:07]} fxg4 {[%emt 0:02:42]} 40. hxg4 {[%emt 0:00:30]} h5 {[%emt 0:32:19]} 41. Nd3 {[%emt 0:15:50]} hxg4 {[%emt 0:00:00]} 42. Nf4+ {[%emt 0:10:20]} Kf7 {[%emt 0:00:00]} 43. fxg4 {[%emt 0:00:21]} Ne4+ {[%emt 0:00:00]} 44. Kb4 {[%emt 0:00:03]} Nf2 {[%emt 0:00:00]} 45. g5 {[%emt 0:01:16]} Bd8 {[%emt 0:00:00]} 46. g6+ {[%emt 0:00:32]} Kf6 {[%emt 0:00:00]} 47. Bc2 {[%emt 0:00:01]} Ke7 {[%emt 0:00:00]} 48. Kc5 {[%emt 0:02:31]} Ne4+ {[%emt 0:00:00]} 49. Kxd5 {[%emt 0:00:02]} Nf6+ {[%emt 0:00:00]} 50. Kc5 {[%emt 0:00:28]} Nb7+ {[%emt 0:00:00]} 51. Kc6 {[%emt 0:00:23]} Na5+ {[%emt 0:00:00]} 52. Kb5 {[%emt 0:00:07]} Nb7 {[%emt 0:00:00]} 53. Bd2 {[%emt 0:00:50]} Kd7 {[%emt 0:00:00]} 54. Bf5+ {[%emt 0:02:46]} Kc7 {[%emt 0:00:00]} 55. Ne6+ {[%emt 0:02:01]} Kb8 {[%emt 0:00:00]} 56. Bf4+ {[%emt 0:00:27]} Ka7 {[%emt 0:00:00]} 57. Nxd8 {[%emt 0:01:42]} Nxd8 {[%emt 0:00:07]} 58. Bg5 {[%emt 0:00:55]} Nb7 {[%emt 0:10:35]} 59. Kc6 {[%emt 0:00:12]} 1-0